000 00633nam a2200229Ia 4500
003 OSt
005 20220916111030.0
006 a|||||r|||| 00| 0
007 ta
008 220915b |||||||| |||| 00| 0 eng d
024 _a123909
037 _cTextbook
040 _beng
_aARTS
_cARTS
041 _aeng
082 _aV631:26:N3, G8 (906)
100 _aVan Lille Abraham J
245 0 _aNative council system : with speciall reference to the transvaal local councils
260 _c1938
650 _aHISTORY
942 _hV631:26:N3, G8 (906)
_cTB
_2CC
999 _c103948
_d103948